000 00647pam a2200205 a 4500
020 _a0471837814
040 _cDLC
082 0 0 _a634 WIL 1990 C151 Or.
245 0 0 _aAgroforestry :
_bclassification and management /
260 _aNew York :
_bWiley,
_cc1990.
300 _axvii, 382 p. :
_bill. ;
_c25 cm.
500 _a"A Wiley-Interscience publication."
650 0 _aAgroforestry.
650 0 _aAgroforestry
700 1 _aMacDicken, Kenneth G.
700 1 _aVergara, Napoleon T.
856 4 _uhttp://www.loc.gov/catdir/toc/onix04/89005404.html
856 4 2 _uhttp://www.loc.gov/catdir/enhancements/fy0707/89005404-d.html
942 _cAEDBB
999 _c18728
_d18728